|
|
|
|
| LEADER |
00000cam a2200000 7i4500 |
| 001 |
0000009175 |
| 002 |
000009992 |
| 005 |
20070109.0 |
| 020 |
|
|
|a 9838750980
|
| 090 |
0 |
0 |
|a JF
|b YUL
|
| 100 |
0 |
|
|a Yulis Haji Alwi
|
| 245 |
1 |
0 |
|a Puteri Bongsu dengan ular Lembayung dan si miskin dengan Botri
|c diceritakan semula oleh Yulis Haji Alwi
|
| 260 |
|
|
|a Klang :
|b Pustaka Mawar ,
|c 1996
|
| 300 |
|
|
|a 46p. :
|b ill. ;
|c 18cm.
|
| 490 |
0 |
|
|a Cerita rakyat klasik
|
| 650 |
0 |
0 |
|a Folk literature, Malay
|
| 999 |
|
|
|a 040604
|b BUKU
|c PINJAMAN
|e PERPUSTAKAAN KOMUNITI PETALING JAYA
|
| 999 |
|
|
|a 040606
|b BUKU
|c PINJAMAN
|e PERPUSTAKAAN KOMUNITI PETALING JAYA
|
| 999 |
|
|
|a 085578
|b BUKU
|c PINJAMAN
|e PERPUSTAKAAN KOMUNITI PETALING JAYA
|